000 004730000a22001810004500
003 MACL
005 20160119153604.0
008 160119b xxu||||| |||| 00| 0 eng d
040 _aMACL
_cMACL
041 _aEnglish
082 _a001/CAR
100 _aBright, P.S.
_933280
245 _aAdvanced General Studies For
_bUPSC, SSC, PSCs Main Exam
260 _bBright Careers
_c2003
_aNew Delhi
350 _a695
650 _aGeneralities
_91354
942 _cBK
_k001/Car
_2ddc
999 _c32802
_d32802